[Event "1st FIDE OWCCCC Pools-East 2021"]
[Site "Online"]
[Date "2021.02.20"]
[Round "5.50"]
[White "Pandey, Ravikant"]
[Black "Kaur, Satvinder"]
[Result "1-0"]
[WhiteElo "1745"]
[BlackElo "1151"]
[Annotator "NA"]
[PlyCount "87"]
[EventDate "2021.02.19"]
[EventType "team-tourn"]
[EventCountry "NET"]
[SourceTitle "playchess.com"]
[Source "ChessBase"]
[SourceQuality "1"]

1. e4 e6 2. Nc3 g6 3. Nf3 Nc6 4. Be2 Bg7 5. d3 Nge7 6. O-O O-O 7. h3 f5 8. exf5 Nxf5 9. Nh2 Ncd4 10. Bg4 Qe7 11. Ne2 Qd6 12. c3 Be5 13. Nxd4 Bxh2+ 14. Kh1 Qe5 15. Nf3 Qd6 16. Nxh2 Ng3+ 17. fxg3 Rxf1+ 18. Qxf1 b5 19. Bh6 Bb7 20. Bf3 Bxf3 21. Qxf3 Rf8 22. Qxf8+ Qxf8 23. Bxf8 Kxf8 24. Rf1+ Ke7 25. Ng4 d5 26. Nh6 Kd6 27. Rf7 c5 28. Rxh7 c4 29. d4 e5 30. Nf7+ Ke6 31. Nxe5 g5 32. Rxa7 Kf5 33. g4+ Ke4 34. h4 gxh4 35. g5 Kf5 36. g6 Kf4 37. g7 b4 38. g8=Q bxc3 39. Qg4+ Ke3 40. bxc3 Kd2 41. Rb7 Kxc3 42. Qf3+ Kc2 43. Qe2+ Kc3 44. Qb2# 1-0

[Event "1st FIDE OWCCCC Pools-East 2021"]
[Site "Online"]
[Date "2021.02.20"]
[Round "5.50"]
[White "Bossut, Louis"]
[Black "Van Wijk, Peter"]
[Result "1-0"]
[WhiteElo "1719"]
[BlackElo "1930"]
[Annotator "TA"]
[PlyCount "87"]
[EventDate "2021.02.19"]
[EventType "team-tourn"]
[EventCountry "NET"]
[SourceTitle "playchess.com"]
[Source "ChessBase"]
[SourceQuality "1"]

1. e4 c5 2. Nf3 d6 3. d4 cxd4 4. Qxd4 Nc6 5. Bb5 Bd7 6. Bxc6 Bxc6 7. c4 f5 8. Nc3 e5 9. Qd3 Nf6 10. Bg5 Be7 11. Bxf6 Bxf6 12. Nd5 Bxd5 13. Qxd5 fxe4 14. Qxe4 Qa5+ 15. Ke2 O-O 16. b3 Rab8 17. Rhd1 Be7 18. Rd5 Qc7 19. Rad1 Rf4 20. Qe3 Rbf8 21. Qxa7 e4 22. Ng5 Bxg5 23. Rxg5 Qf7 24. Qe3 Rxf2+ 25. Ke1 Rxa2 26. Qg1 Qf6 27. Rg3 Qb2 28. Qe3 Ra1 29. Qd2 Rxd1+ 30. Qxd1 Ra8 31. Qd2 Ra1+ 32. Ke2 Qa3 33. Qc3 Qa2+ 34. Qd2 Qb1 35. Ke3 Qg1+ 36. Kxe4 Re1+ 37. Kf3 Re5 38. Kg4 Qf1 39. Qf4 Qe2+ 40. Rf3 Qxg2+ 41. Rg3 Qe2+ 42. Qf3 Re4+ 43. Kh3 Qxf3 44. Rxf3 1-0

[Event "1st FIDE OWCCCC Pools-East 2021"]
[Site "Online"]
[Date "2021.02.20"]
[Round "5.50"]
[White "Simpson, David R"]
[Black "Anandarayanan, Paddy"]
[Result "0-1"]
[WhiteElo "1642"]
[BlackElo "1710"]
[Annotator "NA"]
[PlyCount "84"]
[EventDate "2021.02.19"]
[EventType "team-tourn"]
[EventCountry "NET"]
[SourceTitle "playchess.com"]
[Source "ChessBase"]
[SourceQuality "1"]

1. e4 c5 2. Nf3 d6 3. c3 Nc6 4. d4 cxd4 5. cxd4 e6 6. Bb5 Bd7 7. O-O Nf6 8. Nc3 Be7 9. Re1 a6 10. Bd3 O-O 11. e5 dxe5 12. dxe5 Ne8 13. a3 g6 14. Bh6 Ng7 15. Qc2 f5 16. exf6 Bxf6 17. Ne4 Rc8 18. Qe2 Nd4 19. Nxd4 Bxd4 20. Rad1 Qb6 21. b4 Bc6 22. Nd6 Bxf2+ 23. Kh1 Bxe1 24. Nxc8 Bxg2+ 25. Qxg2 Rxc8 26. Rxe1 Qc6 27. Be4 Qc3 28. Bxb7 Qxe1+ 29. Qg1 Qxg1+ 30. Kxg1 Rc3 31. Bxa6 Rxa3 32. Bc4 Rc3 33. Bxg7 Rxc4 34. Be5 Rxb4 35. Kg2 Kf7 36. Kg3 Ke7 37. Kf3 Kd7 38. Ke3 Kc6 39. Kf3 Kd5 40. Bc3 Rb3 41. Kg4 Rxc3 42. Kg5 Rh3 0-1

[Event "1st FIDE OWCCCC Pools-East 2021"]
[Site "Online"]
[Date "2021.02.20"]
[Round "5.50"]
[White "Shrivastava, Amitesh"]
[Black "Arnold, Kiri"]
[Result "0-1"]
[WhiteElo "1380"]
[BlackElo "1727"]
[Annotator "NA"]
[PlyCount "52"]
[EventDate "2021.02.19"]
[EventType "team-tourn"]
[EventCountry "NET"]
[SourceTitle "playchess.com"]
[Source "ChessBase"]
[SourceQuality "1"]

1. e4 c5 2. Nf3 Nc6 3. d4 cxd4 4. Nxd4 e5 5. Nf3 Nf6 6. Nc3 Bb4 7. Bd2 O-O 8. Bc4 d6 9. h3 Be6 10. Nd5 Bxd2+ 11. Qxd2 Nxe4 12. Qe2 Qa5+ 13. Nc3 Nxc3 14. Bxe6 Nxe2+ 15. Kxe2 fxe6 16. c3 Rad8 17. Ng5 Qc5 18. Rhf1 Qc4+ 19. Ke1 h6 20. Nf3 e4 21. Nd2 Qb5 22. b4 Ne5 23. c4 Nxc4 24. Nxe4 Qxb4+ 25. Ke2 d5 26. Ng3 Qd2# 0-1

[Event "1st FIDE OWCCCC Pools-East 2021"]
[Site "Online"]
[Date "2021.02.20"]
[Round "5.51"]
[White "Maharana Sanjay Kumar"]
[Black "Pandey, Sheetal"]
[Result "1-0"]
[WhiteElo "1701"]
[BlackElo "1304"]
[Annotator "NA RC"]
[PlyCount "81"]
[EventDate "2021.02.19"]
[EventType "team-tourn"]
[EventCountry "NET"]
[SourceTitle "playchess.com"]
[Source "ChessBase"]
[SourceQuality "1"]

1. e4 e5 2. Nc3 Bc5 3. Bc4 d6 4. d3 h6 5. f4 exf4 6. d4 Bb6 7. Bxf4 Nc6 8. Be3 Nf6 9. Nf3 a6 10. O-O Bg4 11. a3 Qe7 12. Ne2 Nxe4 13. Bf4 O-O-O 14. b4 g5 15. Bg3 Nxg3 16. Nxg3 Bxf3 17. Rxf3 Bxd4+ 18. Kh1 Bxa1 19. Qxa1 d5 20. Bd3 Ne5 21. Bf5+ Kb8 22. Re3 f6 23. b5 a5 24. Nh5 Qc5 25. Qc1 Qxe3 26. Qxe3 d4 27. Qd2 Nc4 28. Qe1 b6 29. a4 Rhe8 30. Qf2 Ne3 31. Nxf6 Nd1 32. Qd2 Re3 33. Qxd1 Rd6 34. Ne4 d3 35. Nxd6 dxc2 36. Qc1 Re2 37. Bxc2 cxd6 38. h3 d5 39. Qd1 Rf2 40. Qe1 Rxc2 41. Qe5+ 1-0

[Event "1st FIDE OWCCCC Pools-East 2021"]
[Site "Online"]
[Date "2021.02.20"]
[Round "5.51"]
[White "French, Steven"]
[Black "Verma, Shardul"]
[Result "1-0"]
[WhiteElo "1522"]
[BlackElo "1463"]
[Annotator "NA RC"]
[PlyCount "135"]
[EventDate "2021.02.19"]
[EventType "team-tourn"]
[EventCountry "NET"]
[SourceTitle "playchess.com"]
[Source "ChessBase"]
[SourceQuality "1"]

1. e4 c5 2. Nf3 Nc6 3. d4 cxd4 4. Nxd4 g6 5. Nc3 Bg7 6. Be3 Nf6 7. Nxc6 bxc6 8. Bc4 Rb8 9. Bb3 Ba6 10. Bxa7 Rb7 11. Bd4 O-O 12. f3 d6 13. Qd2 c5 14. Be3 Qc7 15. O-O-O Rd8 16. e5 Ne8 17. e6 f6 18. Bd5 Rb4 19. a3 Rbb8 20. Bh6 Qb6 21. b3 c4 22. Na4 Qb5 23. Bxg7 Nxg7 24. Nc3 Qa5 25. Na4 Qxd2+ 26. Rxd2 cxb3 27. cxb3 Nf5 28. Kb2 Ne3 29. Re1 Nxd5 30. Rxd5 Bc4 31. Ra5 Rxb3+ 32. Kc2 Rxa3 33. Rb1 Bd3+ 34. Kb2 Bxb1 35. Kxa3 Rb8 36. Ra7 Kf8 37. Nc3 Bf5 38. Ka4 Bxe6 39. Nb5 Bc4 40. Nc7 Bb3+ 41. Ka5 Kf7 42. Na6 d5 43. Nxb8 d4 44. Rd7 Ke6 45. Rxd4 Bd5 46. Rh4 h5 47. Na6 Kd6 48. Nb4 Kc5 49. Nxd5 Kxd5 50. Kb4 e5 51. Kc3 f5 52. Kd3 e4+ 53. fxe4+ fxe4+ 54. Rxe4 g5 55. Ke3 g4 56. h3 gxh3 57. gxh3 Kc5 58. Rh4 Kd5 59. Rxh5+ Ke6 60. Ke4 Kf7 61. Rh6 Kg7 62. Ra6 Kf7 63. Kf5 Kg7 64. Rf6 Kh7 65. Rg6 Kh8 66. Kf6 Kh7 67. Kf7 Kh8 68. Rh6# 1-0

[Event "1st FIDE OWCCCC Pools-East 2021"]
[Site "Online"]
[Date "2021.02.20"]
[Round "5.51"]
[White "Huijsdens, Leon"]
[Black "Plays, Boris"]
[Result "1-0"]
[WhiteElo "1396"]
[BlackElo "1317"]
[Annotator "NA"]
[PlyCount "65"]
[EventDate "2021.02.19"]
[EventType "team-tourn"]
[EventCountry "NET"]
[SourceTitle "playchess.com"]
[Source "ChessBase"]
[SourceQuality "1"]

1. d4 d5 2. c4 e6 3. Nc3 Nf6 4. Bg5 Be7 5. e3 O-O 6. Nf3 Nc6 7. a3 b6 8. cxd5 exd5 9. Bd3 Bg4 10. O-O Re8 11. Be2 Ne4 12. Bxe7 Qxe7 13. h3 Nxc3 14. bxc3 Bh5 15. c4 Rad8 16. cxd5 Rxd5 17. Re1 Rdd8 18. Qc2 Nb8 19. a4 c5 20. dxc5 Qxc5 21. Qxc5 bxc5 22. Rac1 Rc8 23. Bb5 Re7 24. Nd4 a6 25. Be2 a5 26. Bxh5 g6 27. Bf3 Kg7 28. Nb5 Na6 29. Red1 Nb4 30. Rc4 h5 31. Nd6 Re5 32. Nxc8 Nd3 33. Rxd3 1-0

[Event "1st FIDE OWCCCC Pools-East 2021"]
[Site "Online"]
[Date "2021.02.20"]
[Round "5.51"]
[White "Chintamani Bhatawadekar"]
[Black "Erigaisi Arjun"]
[Result "0-1"]
[WhiteElo "1249"]
[BlackElo "2559"]
[Annotator "ChessBase"]
[PlyCount "58"]
[EventDate "2021.02.19"]
[EventType "team-tourn"]
[EventCountry "NET"]
[SourceTitle "playchess.com"]
[Source "ChessBase"]
[SourceQuality "1"]

1. e4 e5 2. Nc3 d6 3. Bc4 a6 4. Qf3 Nf6 5. d3 Nc6 6. Nge2 Qe7 7. h3 Nb4 8. Bb3 Be6 9. a3 Bxb3 10. axb4 Bxc2 11. Bg5 h6 12. Bxf6 Qxf6 13. Qxf6 gxf6 14. Nd5 O-O-O 15. Nxf6 Bxd3 16. Nc3 h5 17. Nfd5 c6 18. Ne3 d5 19. exd5 Bxb4 20. dxc6 bxc6 21. Ra4 a5 22. f3 f5 23. Kf2 f4 24. Nf5 Bxf5 25. Ne4 Bxe4 26. fxe4 Rd2+ 27. Kf3 Rhd8 28. Re1 R8d3+ 29. Re3 Rxe3# 0-1

[Event "1st FIDE OWCCCC Pools-East 2021"]
[Site "Online"]
[Date "2021.02.20"]
[Round "5.51"]
[White "van Beek, Joost"]
[Black "An, Paolo Stephen"]
[Result "0-1"]
[WhiteElo "1048"]
[BlackElo "1235"]
[Annotator "NA RC"]
[PlyCount "100"]
[EventDate "2021.02.19"]
[EventType "team-tourn"]
[EventCountry "NET"]
[SourceTitle "playchess.com"]
[Source "ChessBase"]
[SourceQuality "1"]

1. d4 d6 2. c4 Nf6 3. Nc3 a6 4. e3 g6 5. e4 c5 6. Bg5 cxd4 7. Qxd4 Nc6 8. Qd1 Bg7 9. Nf3 O-O 10. Nd5 e6 11. Bxf6 Bxf6 12. Nxf6+ Qxf6 13. Qxd6 Qxb2 14. Rd1 Nb4 15. Qd2 Nc2+ 16. Ke2 Qxa2 17. Rc1 Qxc4+ 18. Kd1 Qb4 19. Rxc2 Qb1+ 20. Rc1 Qb3+ 21. Qc2 Qb4 22. Bd3 Bd7 23. Ne5 Ba4 24. Qxa4 Qxa4+ 25. Bc2 Qd4+ 26. Nd3 Qxe4 27. f3 Qd4 28. Re1 Rfd8 29. Re4 Qg1+ 30. Kd2 Qxg2+ 31. Re2 Qxf3 32. Rce1 Rd7 33. Re3 Qg2+ 34. R1e2 Qc6 35. Kc1 Rad8 36. Nb4 Rd1+ 37. Kb2 Qc4 38. Bxd1 Rxd1 39. Nc2 Qb5+ 40. Rb3 Qc6 41. Ree3 Rd2 42. Rbc3 Qb6+ 43. Kc1 Rxh2 44. Rc8+ Kg7 45. Rcc3 Rh1+ 46. Kd2 Qd6+ 47. Ke2 Rh2+ 48. Kf3 Rh3+ 49. Ke4 Qd5+ 50. Kf4 Qf5# 0-1

[Event "1st FIDE OWCCCC Pools-East 2021"]
[Site "Online"]
[Date "2021.02.20"]
[Round "5.52"]
[White "Mihir Kumar Mech"]
[Black "Shukla, Bhargav"]
[Result "1-0"]
[WhiteElo "1286"]
[BlackElo "1323"]
[Annotator "NA RC"]
[PlyCount "41"]
[EventDate "2021.02.19"]
[EventType "team-tourn"]
[EventCountry "NET"]
[SourceTitle "playchess.com"]
[Source "ChessBase"]
[SourceQuality "1"]

1. e4 e5 2. Nf3 Nf6 3. Nc3 Bc5 4. d4 exd4 5. Nxd4 Bb4 6. Qf3 O-O 7. e5 Bxc3+ 8. Qxc3 Ne4 9. Qf3 d5 10. Bd3 c5 11. Ne2 Qa5+ 12. c3 Nd7 13. Bxe4 dxe4 14. Qxe4 Re8 15. Bf4 Nf6 16. Qc4 Ng4 17. Qd5 Be6 18. Qxb7 Rab8 19. Qf3 Rxb2 20. Qc6 Rxa2 21. Qxe8# 1-0

[Event "1st FIDE OWCCCC Pools-East 2021"]
[Site "Online"]
[Date "2021.02.20"]
[Round "5.52"]
[White "Sartenaer, Laura"]
[Black "Schmaltz, Julien"]
[Result "1-0"]
[WhiteElo "1177"]
[BlackElo "554"]
[Annotator "NA"]
[PlyCount "65"]
[EventDate "2021.02.19"]
[EventType "team-tourn"]
[EventCountry "NET"]
[SourceTitle "playchess.com"]
[Source "ChessBase"]
[SourceQuality "1"]

1. e4 c5 2. d4 cxd4 3. c3 e5 4. cxd4 exd4 5. Qxd4 Nc6 6. Qc4 Nf6 7. Nc3 Bb4 8. e5 Nh5 9. Be2 g6 10. Bxh5 gxh5 11. Bh6 a5 12. Nf3 b6 13. Ng5 Qe7 14. O-O Nxe5 15. Qf4 f6 16. Nf3 Bb7 17. Nxe5 fxe5 18. Qf5 O-O-O 19. Bg5 Rhf8 20. Bxe7 Rxf5 21. Bxd8 Kxd8 22. a3 Bxc3 23. bxc3 Rg5 24. g3 d6 25. Rad1 Ke7 26. f4 exf4 27. Rxf4 h4 28. Rxh4 h6 29. Rxh6 Rf5 30. Rdxd6 b5 31. Rb6 Rf3 32. Rxb7+ Kf8 33. Rh8# 1-0

[Event "1st FIDE OWCCCC Pools-East 2021"]
[Site "Online"]
[Date "2021.02.20"]
[Round "5.52"]
[White "Saxenabatra, Madhulika"]
[Black "GB_Chess_"]
[Result "0-1"]
[WhiteElo "990"]
[BlackElo "1781"]
[Annotator "NA"]
[PlyCount "74"]
[EventDate "2021.02.19"]
[EventType "team-tourn"]
[EventCountry "NET"]
[SourceTitle "playchess.com"]
[Source "ChessBase"]
[SourceQuality "1"]

1. e4 c5 2. Bc4 e6 3. Nf3 a6 4. O-O b5 5. Bd3 Bb7 6. Nc3 c4 7. Be2 d6 8. e5 d5 9. d4 Nc6 10. a4 b4 11. Nb1 a5 12. b3 c3 13. Bb5 Qb6 14. Be3 Ba6 15. Qd3 Bxb5 16. axb5 Na7 17. Ng5 Qxb5 18. Qd1 g6 19. Ra4 Bg7 20. Qg4 Nh6 21. Qh4 Nf5 22. Qf4 O-O 23. Bc1 Bh6 24. g4 Ng7 25. Qf6 Ne8 26. Qe7 Nc6 27. Qd7 Ra7 28. Qc8 Nd6 29. exd6 Rxc8 30. Re1 Nxd4 31. Nf3 Nxf3+ 32. Kg2 Nxe1+ 33. Kg1 Bxc1 34. Ra1 Qe2 35. h3 Be3 36. Kh2 Qxf2+ 37. Kh1 Qg1# 0-1

[Event "1st FIDE OWCCCC Pools-East 2021"]
[Site "Online"]
[Date "2021.02.20"]
[Round "5.52"]
[White "Lefebvre, Ambre"]
[Black "Hartog, Eduard"]
[Result "0-1"]
[WhiteElo "693"]
[BlackElo "1436"]
[Annotator "NA"]
[PlyCount "60"]
[EventDate "2021.02.19"]
[EventType "team-tourn"]
[EventCountry "NET"]
[SourceTitle "playchess.com"]
[Source "ChessBase"]
[SourceQuality "1"]

1. e4 e6 2. Ne2 d5 3. d3 dxe4 4. dxe4 Qxd1+ 5. Kxd1 Nf6 6. Ng3 Bd6 7. Bc4 Bxg3 8. Bg5 Nxe4 9. Re1 Nxg5 10. Nd2 Bxf2 11. Rf1 Bb6 12. Nf3 Nxf3 13. Rxf3 O-O 14. Rg3 Nc6 15. b3 Bd4 16. Rg4 Bxa1 17. h3 Ne5 18. Rg5 b6 19. Rxe5 Bxe5 20. Bb5 Bb7 21. Be2 Rad8+ 22. Bd3 Bxg2 23. h4 Rd4 24. h5 Rfd8 25. c3 Rxd3+ 26. Kc2 Rxc3+ 27. Kb2 b5 28. a3 Rd2+ 29. Kb1 Be4+ 30. Ka1 Rc1# 0-1

[Event "1st FIDE OWCCCC Pools-East 2021"]
[Site "Online"]
[Date "2021.02.20"]
[Round "5.52"]
[White "Rawat, Akhil"]
[Black "Suri Devender Singh"]
[Result "0-1"]
[WhiteElo "392"]
[BlackElo "2117"]
[Annotator "NA"]
[PlyCount "90"]
[EventDate "2021.02.19"]
[EventType "team-tourn"]
[EventCountry "NET"]
[SourceTitle "playchess.com"]
[Source "ChessBase"]
[SourceQuality "1"]

1. g3 d5 2. Bg2 e5 3. b3 Nf6 4. Bb2 Bd6 5. Nc3 c6 6. d3 Qa5 7. a3 d4 8. b4 Bxb4 9. axb4 Qxb4 10. Qd2 Qxb2 11. Rb1 Qxc3 12. Qxc3 dxc3 13. Nf3 Nbd7 14. O-O b6 15. Rb3 Bb7 16. Rxc3 c5 17. Rb1 Ke7 18. Ra3 Rhb8 19. Ng5 Bxg2 20. Kxg2 h6 21. Nf3 Kd6 22. e3 a5 23. c3 b5 24. d4 exd4 25. exd4 c4 26. Rd1 Nd5 27. Re1 b4 28. cxb4 axb4 29. Rxa8 Rxa8 30. Nh4 g6 31. Rc1 c3 32. g4 b3 33. Nf3 b2 34. Rb1 Ra1 35. Rxb2 cxb2 36. Nd2 b1=Q 37. Nxb1 Rxb1 38. h3 g5 39. Kg3 Rb3+ 40. Kg2 Nf4+ 41. Kh2 Nf6 42. f3 Rxf3 43. h4 Nxg4+ 44. Kg1 Rd3 45. hxg5 Rd1# 0-1

[Event "1st FIDE OWCCCC Pools-East 2021"]
[Site "Online"]
[Date "2021.02.20"]
[Round "5.53"]
[White "Nihal Sarin"]
[Black "Prusty, Pulak"]
[Result "1-0"]
[WhiteElo "2620"]
[BlackElo "1808"]
[Annotator "TA"]
[PlyCount "61"]
[EventDate "2021.02.19"]
[EventType "team-tourn"]
[EventCountry "NET"]
[SourceTitle "playchess.com"]
[Source "ChessBase"]
[SourceQuality "1"]

1. d4 d5 2. c4 e6 3. Nf3 Nf6 4. Nc3 Bb4 5. Bg5 h6 6. Bxf6 Qxf6 7. Qa4+ Nc6 8. e3 Bd7 9. Qb3 a5 10. a3 a4 11. Qc2 Bxc3+ 12. Qxc3 O-O 13. Rc1 Rfc8 14. Be2 dxc4 15. Bxc4 Na5 16. Ne5 Be8 17. Ba2 Qg5 18. O-O c6 19. f4 Qf5 20. g4 Qe4 21. Bb1 Qd5 22. Qd3 g6 23. f5 exf5 24. gxf5 c5 25. fxg6 fxg6 26. Rf6 cxd4 27. Rxg6+ Bxg6 28. Qxg6+ Kf8 29. Rf1+ Ke7 30. Qf6+ Ke8 31. Qf8# 1-0

[Event "1st FIDE OWCCCC Pools-East 2021"]
[Site "Online"]
[Date "2021.02.20"]
[Round "5.53"]
[White "Stojadinov, Svetlana"]
[Black "Agrawal, Priyanka"]
[Result "1-0"]
[WhiteElo "2004"]
[BlackElo "843"]
[Annotator "NA"]
[PlyCount "57"]
[EventDate "2021.02.19"]
[EventType "team-tourn"]
[EventCountry "NET"]
[SourceTitle "playchess.com"]
[Source "ChessBase"]
[SourceQuality "1"]

1. e4 e5 2. Nf3 Nf6 3. Bc4 Bc5 4. Nxe5 Nxe4 5. d4 d5 6. dxc5 dxc4 7. Qxd8+ Kxd8 8. Nxf7+ Kd7 9. Nxh8 b6 10. cxb6 axb6 11. Nf7 Kc6 12. Nd2 Nxd2 13. Bxd2 Be6 14. Nd8+ Kd7 15. Nxe6 Kxe6 16. O-O b5 17. Rfe1+ Kd5 18. Bf4 Nc6 19. Bxc7 Ra4 20. Bb6 Ne5 21. Rad1+ Kc6 22. Rxe5 Kxb6 23. Rd6+ Ka5 24. a3 c3 25. b4+ Rxb4 26. axb4+ Kxb4 27. Rd4+ Ka3 28. Rxb5 Ka2 29. Ra4# 1-0

[Event "1st FIDE OWCCCC Pools-East 2021"]
[Site "Online"]
[Date "2021.02.20"]
[Round "5.53"]
[White "Osinga, Angelique"]
[Black "Valiyeva, Aynur"]
[Result "1-0"]
[WhiteElo "1955"]
[BlackElo "1028"]
[Annotator "TA"]
[PlyCount "87"]
[EventDate "2021.02.19"]
[EventType "team-tourn"]
[EventCountry "NET"]
[SourceTitle "playchess.com"]
[Source "ChessBase"]
[SourceQuality "1"]

1. e4 e5 2. Nf3 Nf6 3. d4 Nxe4 4. Nxe5 Qf6 5. Nf3 d5 6. Bd3 Bb4+ 7. c3 Nxf2 8. Kxf2 Bd6 9. Bg5 Qe6 10. Re1 Qxe1+ 11. Qxe1+ Be6 12. Nbd2 O-O 13. c4 dxc4 14. Bxc4 Re8 15. Bxe6 fxe6 16. Qf1 Nc6 17. Qc4 h6 18. Be3 a6 19. d5 exd5 20. Qxd5+ Kf8 21. Ne4 Rad8 22. Nxd6 cxd6 23. Qf5+ Kg8 24. Rd1 Ne5 25. Nxe5 Rf8 26. Qxf8+ Rxf8+ 27. Nf3 Rd8 28. Bb6 Rd7 29. Ke3 d5 30. Kd4 Rd6 31. Bc5 Rd7 32. Ne5 Rd8 33. b4 g5 34. Rf1 b5 35. Rf6 Kg7 36. Rg6+ Kh7 37. Rxa6 h5 38. Ra7+ Kh6 39. Nf7+ Kg6 40. Nxd8 h4 41. Nc6 Kf5 42. Rf7+ Kg4 43. Ne5+ Kh5 44. Rh7# 1-0

[Event "1st FIDE OWCCCC Pools-East 2021"]
[Site "Online"]
[Date "2021.02.20"]
[Round "5.53"]
[White "Patel, Roshan"]
[Black "Vignesh, K .V ."]
[Result "1-0"]
[WhiteElo "1578"]
[BlackElo "1615"]
[Annotator "NA"]
[PlyCount "49"]
[EventDate "2021.02.19"]
[EventType "team-tourn"]
[EventCountry "NET"]
[SourceTitle "playchess.com"]
[Source "ChessBase"]
[SourceQuality "1"]

1. Nf3 d5 2. c4 c6 3. d4 Nf6 4. e3 g6 5. Be2 Bg7 6. O-O O-O 7. b3 Re8 8. Bb2 Bg4 9. Nc3 Nbd7 10. Rc1 e5 11. dxe5 Bxf3 12. exf6 Bxe2 13. Qxe2 Nxf6 14. Rfd1 Qb6 15. cxd5 cxd5 16. Nxd5 Nxd5 17. Rxd5 Bh6 18. Bd4 Qe6 19. Re5 Qd7 20. Rxe8+ Qxe8 21. Qf3 b6 22. Qf6 Kf8 23. Rc7 Qd7 24. Rxd7 Ke8 25. Qxf7# 1-0

[Event "1st FIDE OWCCCC Pools-East 2021"]
[Site "Online"]
[Date "2021.02.20"]
[Round "5.53"]
[White "Lakra, Sumita"]
[Black "Bangalore Seshadri, Keshavaprasad"]
[Result "1-0"]
[WhiteElo "996"]
[BlackElo "1085"]
[Annotator "NA"]
[PlyCount "65"]
[EventDate "2021.02.19"]
[EventType "team-tourn"]
[EventCountry "NET"]
[SourceTitle "playchess.com"]
[Source "ChessBase"]
[SourceQuality "1"]

1. e4 e5 2. Nf3 Nc6 3. Bb5 a6 4. Ba4 b5 5. Bb3 d6 6. Nc3 Bg4 7. h3 Bh5 8. g4 Bg6 9. d3 h6 10. O-O Qf6 11. Nd5 Qd8 12. c4 f6 13. a4 Bf7 14. axb5 axb5 15. Rxa8 Qxa8 16. Nxc7+ Kd7 17. Nxa8 bxc4 18. dxc4 Bg6 19. Re1 Be7 20. Qd2 h5 21. h4 hxg4 22. Nh2 Rxh4 23. Ba4 Bd8 24. Bxc6+ Kxc6 25. Qd5+ Kd7 26. Qb7+ Ke8 27. Qc6+ Ke7 28. b3 Be8 29. Qd5 Bf7 30. Qb7+ Ke6 31. Ba3 g6 32. Qc6 Be7 33. Nc7# 1-0

[Event "1st FIDE OWCCCC Pools-East 2021"]
[Site "Online"]
[Date "2021.02.20"]
[Round "5.54"]
[White "Rishabh Jain"]
[Black "Sardhara, Preet"]
[Result "0-1"]
[WhiteElo "1771"]
[BlackElo "1647"]
[Annotator "NA"]
[PlyCount "76"]
[EventDate "2021.02.19"]
[EventType "team-tourn"]
[EventCountry "NET"]
[SourceTitle "playchess.com"]
[Source "ChessBase"]
[SourceQuality "1"]

1. d4 d5 2. Bf4 Bf5 3. e3 e6 4. Nf3 Nf6 5. Bd3 Bxd3 6. Qxd3 Nc6 7. Nbd2 Bd6 8. Bg3 O-O 9. a3 a5 10. Nb3 Ne4 11. Nbd2 f5 12. Qe2 a4 13. Nxe4 fxe4 14. Ne5 Nxe5 15. dxe5 Be7 16. h4 c5 17. h5 Qa5+ 18. c3 b5 19. h6 g6 20. Rh3 b4 21. axb4 cxb4 22. c4 b3+ 23. Kf1 Rfc8 24. cxd5 exd5 25. Rd1 Rc2 26. Qg4 Qa6+ 27. Kg1 Rd8 28. e6 Qe2 29. Rb1 Qxg4 30. Be5 Rf8 31. Rf1 Bh4 32. Bg3 Qxh3 33. gxh3 Bxg3 34. fxg3 Rxf1+ 35. Kxf1 Rxb2 36. g4 a3 37. h4 a2 38. h5 a1=Q# 0-1

[Event "1st FIDE OWCCCC Pools-East 2021"]
[Site "Online"]
[Date "2021.02.20"]
[Round "5.54"]
[White "Garcia Feore, Daniel James"]
[Black "Ganesan, Sankar"]
[Result "0-1"]
[WhiteElo "1747"]
[BlackElo "2265"]
[Annotator "TA"]
[PlyCount "70"]
[EventDate "2021.02.19"]
[EventType "team-tourn"]
[EventCountry "NET"]
[SourceTitle "playchess.com"]
[Source "ChessBase"]
[SourceQuality "1"]

1. e4 e5 2. Nf3 d6 3. d4 exd4 4. Nxd4 Bd7 5. Nc3 Nc6 6. Nf5 Bxf5 7. exf5 Nf6 8. Bg5 Be7 9. Qe2 Nd4 10. Qd3 c5 11. O-O-O h6 12. Bh4 O-O 13. Re1 Re8 14. g3 a6 15. Bg2 Rb8 16. a4 b5 17. axb5 axb5 18. Nd1 Qa5 19. c3 Nb3+ 20. Kc2 Qa4 21. Kb1 c4 22. Qe3 Qa1+ 23. Kc2 Ng4 24. Qf4 g5 25. fxg6 fxg6 26. Ne3 Nxe3+ 27. fxe3 Qa4 28. Bxe7 Rxe7 29. Qxd6 Nd4+ 30. Kb1 Qc2+ 31. Ka1 Ra7+ 32. Qa3 Rxa3+ 33. bxa3 Qxc3+ 34. Kb1 Qc2+ 35. Ka1 Nb3# 0-1

[Event "1st FIDE OWCCCC Pools-East 2021"]
[Site "Online"]
[Date "2021.02.20"]
[Round "5.54"]
[White "Panda, Priyabrata"]
[Black "Kostic, Stefan"]
[Result "0-1"]
[WhiteElo "1572"]
[BlackElo "1944"]
[Annotator "NA"]
[PlyCount "82"]
[EventDate "2021.02.19"]
[EventType "team-tourn"]
[EventCountry "NET"]
[SourceTitle "playchess.com"]
[Source "ChessBase"]
[SourceQuality "1"]

1. e4 e5 2. Nf3 Nc6 3. Bb5 a6 4. Ba4 Nf6 5. O-O b5 6. Bb3 Bc5 7. Nc3 d6 8. h3 b4 9. Na4 Nxe4 10. Nxc5 Nxc5 11. Bd5 Bb7 12. d3 O-O 13. Ng5 h6 14. Ne4 Nd7 15. a3 a5 16. f4 Nf6 17. Ba2 Nxe4 18. dxe4 Qh4 19. fxe5 Nxe5 20. Rf4 Qg3 21. Bd5 Bxd5 22. exd5 Rae8 23. axb4 Nf3+ 24. Rxf3 Re1+ 25. Qxe1 Qxe1+ 26. Kh2 axb4 27. Rg3 Kh7 28. Re3 Qd1 29. Rd3 Qxc2 30. Rd2 Qc4 31. b3 Qxb3 32. Raa2 Re8 33. Rab2 Qc3 34. Rbc2 Qe3 35. Rd1 Qb3 36. Rdd2 Re1 37. Bb2 Rb1 38. Bc1 Qa4 39. Rxc7 b3 40. Rb2 Rxc1 41. Rxc1 Qf4+ 0-1

[Event "1st FIDE OWCCCC Pools-East 2021"]
[Site "Online"]
[Date "2021.02.20"]
[Round "5.54"]
[White "phantom"]
[Black "Shashi Nand Kumar"]
[Result "0-1"]
[WhiteElo "1379"]
[BlackElo "1571"]
[Annotator "NA"]
[PlyCount "48"]
[EventDate "2021.02.19"]
[EventType "team-tourn"]
[EventCountry "NET"]
[SourceTitle "playchess.com"]
[Source "ChessBase"]
[SourceQuality "1"]

1. e4 e5 2. Nf3 Nc6 3. Nc3 Nf6 4. Bc4 Bc5 5. O-O O-O 6. d3 h6 7. Be3 Bb6 8. a3 d6 9. Nh4 Kh7 10. Qf3 Bg4 11. Qg3 Qd7 12. f3 Be6 13. Bxb6 axb6 14. f4 Nh5 15. Qe1 Nxf4 16. Bxe6 Qxe6 17. Ne2 Nxe2+ 18. Qxe2 Nd4 19. Qd1 g5 20. Nf3 Nc6 21. c3 f5 22. Nd2 f4 23. Qh5 Qg6 24. Qh3 Rf7 0-1